000 00952cab a2200277 4500
001 WB2745-16
008 090401t1991 xxu||||| |||| 00| 0 eng d
035 _a(Sirsi) u44747
041 _aeng
245 _aHousing defects legislation
260 _c1991
350 _a0
490 _aDoE News Release
_v(687) 18 November 1991;
490 _aGuardian
_v20 November 1991, 7 (4)
520 _aThe Government has called for comment on the present expenditure limits for grant payable towards the costs of reinstatement of properties under the Housing Defects legislation. Includes list of designated house types with existing and proposed limits.
650 _aBOSWELL HOUSES
650 _aHEELS
650 _aHOUSING DEFECTS SCHEME
650 _aNATIONAL EXPENDITURE LIMITS
650 _aPRC HOUSES
650 _aPREFABRICATED REINFORCED CONCRETE
650 _aSMITH HOUSES
690 _aHOUSING
942 _n0
948 _c04/03/1997
999 _c28435
_d28435